000 00369nam a2200157Ia 4500
008 240830s1984 xx 000 0 und d
041 _asan
082 _a1
100 _aAPTE M
245 _aANANDASRAM SUSKRUT GRANTHAWALI
250 _a1
260 _aSANGALI
_bN.D.
_c1984
300 _a100p
906 _aANANDASRAM SUSKRUT GRANTHAWALI
999 _c1183868
_d1183868